| 000 | 00621nam a2200217 a 4500 | ||
|---|---|---|---|
| 001 | 0001-1985 | ||
| 003 | ELIB.Books | ||
| 008 | 190128 2010 eng | ||
| 020 | _a0931529670 | ||
| 092 |
_a255.5 Ols _bOls |
||
| 100 | _aOlson, G.Keith. | ||
| 245 |
_aCounseling Teenagers _bThe Complete Christian Guide to Understanding and Helping Adolescents |
||
| 260 |
_aLoveland _bGroup Book _c1984 |
||
| 300 |
_a236 _c20.6 cm |
||
| 650 | _aCounseling Teenagers | ||
| 856 |
_nKBTS Library _uKBTS Elib |
||
| 942 |
_2ddc _cBK |
||
| 990 | _a2 | ||
| 998 |
_aEnglishbooks.elf _ccat _e2019-01-28 |
||
| 999 |
_c11985 _d11985 |
||